Biblioteca y Centro de Documentación

La convergencia en el derecho a las prestaciones económicas de la seguridad social (Registro nro. 50416)

Detalles MARC
000 -CABECERA
Longitud fija campo de control 01094naa a2200253 c 4500
001 - NÚMERO DE CONTROL
Número de control 50416
003 - IDENTIFICADOR DE NÚMERO DE CONTROL
Identificador del número de control ES-MaCES
005 - FECHA Y HORA DE LA ÚLTIMA TRANSACCIÓN
Fecha y hora de la última transacción 20171226113556.0
008 - CAMPO FIJO DE DESCRIPCIÓN FIJA--INFORMACIÓN GENERAL
Códigos de información de longitud fija   171226s2017 sp ||||| t||||||| ||spa d
040 ## - FUENTE DE CATALOGACIÓN
Centro catalogador de origen ES-MaCES
Lengua de catalogación spa
Centro transcriptor ES-MaCES
Centro modificado ES-MaCES
100 1# - ENCABEZAMIENTO PRINCIPAL--NOMBRE PERSONAL
9 (RLIN) 7894
Nombre de persona Blasco Lahoz, José Francisco
245 13 - MENCIÓN DE TÍTULO
Título La convergencia en el derecho a las prestaciones económicas de la seguridad social
Resto del título : la compatibilidad e incompatibilidad de las prestaciones
Mención de responsabilidad, etc. José Francisco Blasco Lahoz
500 ## - NOTA GENERAL
Nota general Resumen
650 #4 - ASIENTO SECUNDARIO DE MATERIA--TÉRMINO DE MATERIA
9 (RLIN) 27042
Término de materia o nombre geográfico como elemento inicial régimen de pensión
650 #4 - ASIENTO SECUNDARIO DE MATERIA--TÉRMINO DE MATERIA
9 (RLIN) 30465
Término de materia o nombre geográfico como elemento inicial pago de prestaciones
650 #4 - ASIENTO SECUNDARIO DE MATERIA--TÉRMINO DE MATERIA
9 (RLIN) 30736
Término de materia o nombre geográfico como elemento inicial gestión de las prestaciones
650 #4 - ASIENTO SECUNDARIO DE MATERIA--TÉRMINO DE MATERIA
9 (RLIN) 30257
Término de materia o nombre geográfico como elemento inicial acumulación de prestaciones
650 #4 - ASIENTO SECUNDARIO DE MATERIA--TÉRMINO DE MATERIA
9 (RLIN) 30264
Término de materia o nombre geográfico como elemento inicial administración de la seguridad social
650 #4 - ASIENTO SECUNDARIO DE MATERIA--TÉRMINO DE MATERIA
9 (RLIN) 29855
Término de materia o nombre geográfico como elemento inicial legislación de seguridad social
653 10 - TÉRMINO DE INDEXACIÓN--NO CONTROLADO
Término no controlado Seguridad Social
773 0# - ENTRADA DE DOCUMENTO FUENTE
Itemnumber del ítem fuente 86772
Lugar, editor y fecha de publicación Valladolid (Avda. Reyes Católicos, 11, 47008) Lex nova
Otro identificador del documento 089668
Título Información laboral
Número de control del registro relacionado (ES-MaCES)25782
Parte(s) relacionada(s) n. 10 (2017) {55/796 R. 089668} ;p. 59-101
902 ## - CES. TIPO DE DOCUMENTO
Tipodoc (006$c Sirtex) ART Artículo de revista
942 ## - ELEMENTOS KOHA
Fuente de clasificaión o esquema Clasificación propia del CES
Koha [por defecto] tipo de item Artículos (1982-2017)
Parte de clasificación Seguridad social

No hay ítems disponibles.

© CES, Consejo Económico y Social de España 2021